[Event "Women's Speed Chess Q2"]
[Site "chess.com INT"]
[Date "2021.05.29"]
[Round "7"]
[White "Adam, Ernestina"]
[Black "Eswaran, Aksithi"]
[Result "0-1"]
[WhiteTitle "WCM"]
[BlackTitle "WCM"]
[WhiteElo "1354"]
[BlackElo "1745"]
[WhiteFideId "165883"]
[BlackFideId "2083485"]
[EventDate "2021.05.29"]

1. e4 c5 2. Nf3 Nc6 3. d4 cxd4 4. Nxd4 Nf6 5. Nc3 e5 6. Ndb5 d6 7. Bg5 a6 8. Na3
Be6 9. Nd5 Bxd5 10. exd5 Qa5+ 11. c3 Qxd5 12. Be2 Qxg2 13. Bxf6 Qxh1+ 14. Bf1
Qe4+ 15. Be2 gxf6 16. Nc4 Rd8 17. Ne3 Qh1+ 18. Bf1 Rg8 19. Nd5 Be7 20. Qh5 Qxd5
21. Qxh7 Rf8 22. Rd1 Qxa2 0-1

[Event "Women's Speed Chess Q2"]
[Site "chess.com INT"]
[Date "2021.05.29"]
[Round "7"]
[White "Zakirova, Aisha"]
[Black "Nguyen, Thi Mai Hung"]
[Result "0-1"]
[WhiteTitle "WCM"]
[BlackTitle "WGM"]
[WhiteElo "1585"]
[BlackElo "2254"]
[WhiteFideId "13719734"]
[BlackFideId "12401676"]
[EventDate "2021.05.29"]

1. d4 d5 2. c4 c6 3. Nc3 Nf6 4. Nf3 e6 5. e3 Nbd7 6. Qc2 Bd6 7. Bd3 O-O 8. O-O
dxc4 9. Bxc4 b5 10. Bd3 Bb7 11. a3 Rc8 12. b4 a5 13. Rb1 Qe7 14. Na2 e5 15. dxe5
Nxe5 16. Be2 c5 17. Nxe5 Qxe5 18. f4 Qe7 19. bxc5 Rxc5 20. Qb3 Bd5 21. Qb2 Be4
22. Bd2 Rc2 23. Qd4 Bc5 24. Qe5 Rxd2 0-1

[Event "Women's Speed Chess Q2"]
[Site "chess.com INT"]
[Date "2021.05.29"]
[Round "7"]
[White "Tokhirjonova, Gulrukhbegim"]
[Black "Sukandar, Irine Kharisma"]
[Result "1-0"]
[WhiteTitle "WGM"]
[BlackTitle "IM"]
[WhiteElo "2350"]
[BlackElo "2413"]
[WhiteFideId "14203626"]
[BlackFideId "7101937"]
[EventDate "2021.05.29"]

1. e4 e5 2. Nf3 d6 3. Nc3 Nf6 4. d4 exd4 5. Nxd4 Be7 6. Be2 O-O 7. Be3 Re8 8.
O-O Bf8 9. Bg5 h6 10. Bh4 c5 11. Nf5 g5 12. Bg3 d5 13. Bb5 Nc6 14. exd5 Nxd5 15.
Nxh6+ Bxh6 16. Nxd5 Bg4 17. f3 Qb6 18. Nf6+ Kh8 19. Nxg4 1-0

[Event "Women's Speed Chess Q2"]
[Site "chess.com INT"]
[Date "2021.05.29"]
[Round "7"]
[White "Obregon Garcia, Roxangel"]
[Black "Pandey, Srishti"]
[Result "1-0"]
[WhiteTitle "WIM"]
[BlackTitle "WFM"]
[WhiteElo "2167"]
[BlackElo "2026"]
[WhiteFideId "3520420"]
[BlackFideId "35093290"]
[EventDate "2021.05.29"]

1. e4 d5 2. exd5 Nf6 3. d4 Bg4 4. f3 Bf5 5. Bb5+ Nbd7 6. Nc3 a6 7. Bd3 Bxd3 8.
Qxd3 Nb6 9. Nge2 Nfxd5 10. O-O g6 11. Ne4 Bg7 12. c3 O-O 13. Bg5 Rc8 14. Rad1
Nd7 15. Qd2 N5b6 16. Bh6 Nc4 17. Qc1 Nf6 18. Bxg7 Kxg7 19. b3 Nd6 20. Nxf6 exf6
21. Nf4 Re8 22. Rfe1 Qd7 23. c4 Nf5 24. Nd5 Rxe1+ 25. Rxe1 Nxd4 26. Qf4 Nf5 27.
g4 c6 28. Nb6 Qd6 29. Qxd6 Nxd6 30. Nxc8 Nxc8 31. Re8 Nd6 32. Rd8 1-0

[Event "Women's Speed Chess Q2"]
[Site "chess.com INT"]
[Date "2021.05.29"]
[Round "7"]
[White "Nandhidhaa, P V"]
[Black "Pham, Le Thao Nguyen"]
[Result "0-1"]
[WhiteTitle "WGM"]
[BlackTitle "IM"]
[WhiteElo "2365"]
[BlackElo "2369"]
[WhiteFideId "5050847"]
[BlackFideId "12401226"]
[EventDate "2021.05.29"]

1. b3 d5 2. Bb2 Bf5 3. Nf3 e6 4. e3 Nf6 5. Be2 h6 6. O-O Nbd7 7. c4 c6 8. Nc3
Be7 9. Rc1 O-O 10. d4 a5 11. Bd3 Ne4 12. Bxe4 Bxe4 13. Nxe4 dxe4 14. Nd2 f5 15.
f3 exf3 16. Qxf3 Bd6 17. e4 Qh4 18. e5 Bb4 19. Rc2 a4 20. Ba1 axb3 21. axb3 Rxa1 0-1

[Event "Women's Speed Chess Q2"]
[Site "chess.com INT"]
[Date "2021.05.29"]
[Round "7"]
[White "Rakshitta, Ravi"]
[Black "Ovezdurdiyeva, Jemal"]
[Result "1-0"]
[WhiteTitle "WIM"]
[BlackTitle "WFM"]
[WhiteElo "2190"]
[BlackElo "2061"]
[WhiteFideId "25073230"]
[BlackFideId "14001888"]
[EventDate "2021.05.29"]

1. e4 d6 2. d4 Nf6 3. Nc3 g6 4. Bg5 Bg7 5. f4 c6 6. Nf3 b5 7. Bd3 b4 8. Ne2 a5
9. e5 dxe5 10. dxe5 Nd5 11. Qd2 Qb6 12. Bh4 Qe3 13. Bf2 Qxd2+ 14. Nxd2 Bg4 15.
Ne4 Bxe2 16. Bxe2 Nxf4 17. Bg3 Bxe5 18. Rf1 Bxb2 19. Rb1 Nxe2 20. Kxe2 Bg7 21.
Rbd1 O-O 22. Ng5 Na6 23. Rd7 h6 24. Ne4 e6 25. Bd6 f5 26. Bxf8 Bxf8 27. Nf6+ Kh8
28. Rh7# 1-0

[Event "Women's Speed Chess Q2"]
[Site "chess.com INT"]
[Date "2021.05.29"]
[Round "7"]
[White "Zawadzka, Jolanta"]
[Black "Li, Xueyi"]
[Result "1-0"]
[WhiteTitle "WGM"]
[BlackTitle "WGM"]
[WhiteElo "2399"]
[BlackElo "2328"]
[WhiteFideId "1122320"]
[BlackFideId "8605912"]
[EventDate "2021.05.29"]

1. e4 c6 2. d4 d5 3. Nd2 dxe4 4. Nxe4 Nf6 5. Nxf6+ exf6 6. c3 Bd6 7. Bd3 O-O 8.
Ne2 Re8 9. O-O Nd7 10. Bf4 Nf8 11. Qd2 Bg4 12. f3 Bh5 13. Ng3 Bg6 14. Ne4 Bxf4
15. Qxf4 Ne6 16. Qd2 c5 17. Bb5 Rf8 18. d5 Nc7 19. c4 Nxb5 20. cxb5 Qb6 21. a4
Rad8 22. Nc3 c4+ 23. Kh1 Bd3 24. Rfe1 h5 25. b3 h4 26. bxc4 Bxc4 27. Re4 Qc5 28.
Rxh4 Rd7 29. Rd4 a6 30. Ne4 Qc8 31. Rc1 axb5 32. axb5 Rxd5 33. Rxd5 Bxd5 34.
Rxc8 Rxc8 35. h3 1-0

[Event "Women's Speed Chess Q2"]
[Site "chess.com INT"]
[Date "2021.05.29"]
[Round "7"]
[White "Dordzhieva, Dinara"]
[Black "Frayna, Janelle Mae"]
[Result "1-0"]
[WhiteTitle "WGM"]
[BlackTitle "WGM"]
[WhiteElo "2334"]
[BlackElo "2179"]
[WhiteFideId "24157570"]
[BlackFideId "5212499"]
[EventDate "2021.05.29"]

1. Nf3 Nf6 2. d4 g6 3. c4 Bg7 4. g3 c6 5. Bg2 d5 6. b3 O-O 7. Bb2 dxc4 8. bxc4
c5 9. Nbd2 cxd4 10. Nxd4 Ng4 11. N2b3 a5 12. a4 Na6 13. O-O Nb4 14. Rc1 Bd7 15.
Nc5 Bc6 16. Nxc6 bxc6 17. Bxg7 Kxg7 18. Qb3 Qd6 19. Ne4 Qe5 20. c5 Rad8 21. Rfd1
Rd4 22. f4 Rxd1+ 23. Rxd1 Qf5 24. Qc3+ Nf6 25. Nxf6 exf6 26. Rd6 Re8 27. e4 Qg4
28. Qxf6+ Kh6 29. Qxf7 Rb8 30. Rd7 1-0

[Event "Women's Speed Chess Q2"]
[Site "chess.com INT"]
[Date "2021.05.29"]
[Round "7"]
[White "Khalafova, Narmin"]
[Black "Bivol, Alina"]
[Result "1/2-1/2"]
[WhiteTitle "WGM"]
[BlackTitle "WGM"]
[WhiteElo "2279"]
[BlackElo "2385"]
[WhiteFideId "13402625"]
[BlackFideId "4100123"]
[EventDate "2021.05.29"]

1. e4 e6 2. d4 d5 3. Nd2 c5 4. Ngf3 Nc6 5. exd5 exd5 6. Bb5 Qe7+ 7. Be2 Qc7 8.
O-O Nf6 9. Re1 Be7 10. dxc5 O-O 11. Nb3 a5 12. a4 Be6 13. h3 Ne4 14. Bd3 Rad8
15. c3 h6 16. Nfd4 Nxc5 17. Nxc5 Bxc5 18. Nxe6 fxe6 19. Be3 Bxe3 20. Rxe3 e5 21.
Bg6 e4 22. Qh5 Qf4 23. Re2 Ne5 24. Rd1 Qf6 25. Bxe4 dxe4 26. Rxd8 Rxd8 27. Rxe4
Nd3 28. Qxa5 Qxf2+ 29. Kh2 Nf4 30. Qxd8+ Kh7 31. Rxf4 Qxf4+ 32. Kh1 Qf1+ 33. Kh2
Qf4+ 34. Kh1 Qf1+ 35. Kh2 Qf4+ 1/2-1/2

[Event "Women's Speed Chess Q2"]
[Site "chess.com INT"]
[Date "2021.05.29"]
[Round "7"]
[White "Von Herman, Brigitte"]
[Black "Dauletova, Gulmira"]
[Result "0-1"]
[WhiteTitle "WFM"]
[BlackTitle "WGM"]
[WhiteElo "1991"]
[BlackElo "2285"]
[WhiteFideId "4628730"]
[BlackFideId "13702971"]
[EventDate "2021.05.29"]

1. e4 e5 2. Nf3 Nc6 3. Bc4 Bc5 4. d3 Nf6 5. c3 d6 6. Nbd2 h6 7. O-O O-O 8. Re1
a5 9. Bb3 Be6 10. Nf1 b5 11. Ng3 a4 12. Bc2 Bb6 13. h3 a3 14. b3 Qb8 15. Nh2 Qa7
16. Qf3 Nh7 17. Be3 Ne7 18. Rad1 Ng6 19. Nf5 Bxe3 20. fxe3 c6 21. Kh1 d5 22. d4
Ng5 23. Qg4 Nxe4 24. Bxe4 dxe4 25. Qxe4 Qd7 26. Ng3 Bd5 27. Qc2 Qxh3 28. e4 Qxg3
29. exd5 cxd5 30. dxe5 Nxe5 31. Rxd5 Qxe1+ 0-1

[Event "Women's Speed Chess Q2"]
[Site "chess.com INT"]
[Date "2021.05.29"]
[Round "7"]
[White "Chu, Ruotong"]
[Black "Atalik, Ekaterina"]
[Result "0-1"]
[WhiteTitle "WIM"]
[BlackTitle "IM"]
[WhiteElo "2207"]
[BlackElo "2430"]
[WhiteFideId "8605653"]
[BlackFideId "4130189"]
[EventDate "2021.05.29"]

1. d4 Nf6 2. c4 g6 3. Nc3 d5 4. Nf3 Bg7 5. Qa4+ c6 6. cxd5 Nxd5 7. e4 Nxc3 8.
bxc3 O-O 9. Ba3 Nd7 10. Be2 Re8 11. O-O e5 12. Qb3 exd4 13. cxd4 Nf6 14. Bc4
Rxe4 15. Bxf7+ Kh8 16. Ng5 Rg4 17. Be6 Rxg5 18. Bxc8 Qxc8 19. f4 Rd5 20. Rfe1
Ng8 21. Rad1 Qd7 22. Bb2 Rd8 23. h4 Bxd4+ 24. Kh1 Bxb2 25. Qxb2+ Qg7 26. Rxd5
cxd5 27. Qf2 d4 28. f5 Qf6 0-1

[Event "Women's Speed Chess Q2"]
[Site "chess.com INT"]
[Date "2021.05.29"]
[Round "7"]
[White "Kairbekova, Amina"]
[Black "Perez Rodriguez, Jennifer"]
[Result "0-1"]
[WhiteTitle "WFM"]
[BlackTitle "WIM"]
[WhiteElo "2132"]
[BlackElo "2251"]
[WhiteFideId "13712799"]
[BlackFideId "3507831"]
[EventDate "2021.05.29"]

1. e4 e5 2. Nf3 Nc6 3. Nc3 Nf6 4. Be2 d5 5. exd5 Nxd5 6. Nxd5 Qxd5 7. O-O Be7 8.
b3 O-O 9. Bb2 Be6 10. d4 e4 11. c4 Qf5 12. Ne1 Bd7 13. f3 Rae8 14. d5 Bc5+ 15.
Kh1 Ne5 16. f4 Ng4 17. Bxg4 Qxg4 18. Qc2 e3 19. Qc3 f6 20. b4 Bd6 21. Nd3 Bf5
22. c5 Bxd3 23. Qxd3 Bxf4 24. Rae1 Qh4 25. Qd4 Qxh2# 0-1

[Event "Women's Speed Chess Q2"]
[Site "chess.com INT"]
[Date "2021.05.29"]
[Round "7"]
[White "Kanyamarala, Trisha"]
[Black "Zaksaite, Salomeja"]
[Result "0-1"]
[WhiteTitle "WIM"]
[BlackTitle "WIM"]
[WhiteElo "2180"]
[BlackElo "2202"]
[WhiteFideId "45004722"]
[BlackFideId "12801496"]
[EventDate "2021.05.29"]

1. d4 g6 2. c4 Bg7 3. Nc3 b6 4. e4 Bb7 5. Nf3 e6 6. Bd3 Ne7 7. O-O d6 8. Re1 O-O
9. Be3 h6 10. Qc1 Kh7 11. Rb1 a6 12. b4 Nd7 13. c5 dxc5 14. bxc5 Nxc5 15. Be2
Nxe4 16. Nxe4 Bxe4 17. Rb3 Nf5 18. Ne5 Nxd4 19. Bxd4 Qxd4 20. Nc6 Qa4 21. Bf3
Bxf3 22. Rxf3 Qxa2 23. Ne7 c5 24. Ra3 Qb2 25. Qxb2 Bxb2 26. Rb3 Bd4 27. Rxb6
Rfb8 28. Rc6 Rb7 29. Nc8 a5 30. Nd6 Rb2 31. Rf1 a4 32. Nxf7 a3 33. Rc7 a2 34.
Nd6+ Kg8 0-1

[Event "Women's Speed Chess Q2"]
[Site "chess.com INT"]
[Date "2021.05.29"]
[Round "7"]
[White "Vo, Thi Kim Phung"]
[Black "Kiran, Manisha Mohanty"]
[Result "1-0"]
[WhiteTitle "WGM"]
[BlackTitle "WGM"]
[WhiteElo "2335"]
[BlackElo "2168"]
[WhiteFideId "12401838"]
[BlackFideId "5019575"]
[EventDate "2021.05.29"]

1. d4 Nf6 2. c4 g6 3. Nc3 d5 4. Bg5 Ne4 5. cxd5 Nxg5 6. h4 Ne4 7. Nxe4 Qxd5 8.
Nc3 Qd8 9. Rc1 h5 10. e3 Bg7 11. Bc4 c6 12. Nf3 Bg4 13. Qb3 O-O 14. Qxb7 Nd7 15.
Qxc6 Rc8 16. Qa6 e5 17. d5 Nc5 18. Qb5 e4 19. Ng5 a6 20. Qb4 a5 21. Qa3 Re8 22.
d6 Nd3+ 23. Bxd3 exd3 24. O-O d2 25. Rcd1 Bxd1 26. Rxd1 f6 27. Qb3+ Kh8 28. Nf7+
Kh7 29. Nxd8 Rexd8 30. Rxd2 Rd7 31. Qe6 Rcd8 32. g3 f5 33. Nb5 Bf8 34. a4 Kh6
35. Kg2 Kh7 36. Rc2 Bxd6 37. Rd2 1-0

[Event "Women's Speed Chess Q2"]
[Site "chess.com INT"]
[Date "2021.05.29"]
[Round "7"]
[White "Daulyte-Cornette, Deimante"]
[Black "Agrest, Inna"]
[Result "1/2-1/2"]
[WhiteTitle "IM"]
[BlackTitle "WIM"]
[WhiteElo "2387"]
[BlackElo "2285"]
[WhiteFideId "12802859"]
[BlackFideId "1708830"]
[EventDate "2021.05.29"]

1. e4 e5 2. Bc4 Nf6 3. Nc3 Nc6 4. d3 Na5 5. Bb3 Nxb3 6. axb3 d5 7. Nf3 dxe4 8.
Nxe5 exd3 9. O-O Bd6 10. Nxd3 O-O 11. h3 h6 12. Qf3 c6 13. Be3 a6 14. Na4 Nd5
15. Bd4 Qg5 16. c4 Nf4 17. Nxf4 Qxf4 18. Qxf4 Bxf4 19. Rfe1 Bf5 20. Nc5 Rad8 21.
Bc3 Bc8 22. Rad1 Rxd1 23. Rxd1 Re8 24. Kf1 f6 25. Rd3 Kf7 26. Bd2 Be5 27. Bc3
Bf4 28. Bd2 Be5 29. Bc3 Bf4 1/2-1/2

[Event "Women's Speed Chess Q2"]
[Site "chess.com INT"]
[Date "2021.05.29"]
[Round "7"]
[White "Frattini, Beatriz Maria"]
[Black "Soumya, Swaminathan"]
[Result "0-1"]
[WhiteTitle "WCM"]
[BlackTitle "IM"]
[WhiteElo "1854"]
[BlackElo "2351"]
[WhiteFideId "22715002"]
[BlackFideId "5016193"]
[EventDate "2021.05.29"]

1. e4 g6 2. d4 Bg7 3. Nc3 d6 4. Be3 a6 5. Nf3 b5 6. a4 b4 7. Ne2 Bb7 8. Ng3 Nd7
9. a5 Rc8 10. Qd2 c5 11. Bd3 Qc7 12. O-O Ngf6 13. b3 Ng4 14. Rad1 Nxe3 15. fxe3
O-O 16. Kh1 Qxa5 17. Ra1 Qb6 18. d5 Bxa1 19. Rxa1 Ne5 20. Nxe5 dxe5 21. Qf2 Qf6
22. Qe2 Qg7 23. Bxa6 Ra8 24. Ra4 Bxa6 25. Rxa6 Rxa6 26. Qxa6 Qf6 27. Qa7 Qf2 28.
Qa1 Qxc2 29. h4 Qc3 30. Qd1 Qxe3 31. Kh2 Qf4 32. Kh3 h5 33. d6 Qg4+ 34. Qxg4
hxg4+ 35. Kxg4 exd6 36. Nf1 Ra8 37. Ne3 Ra3 38. Nd5 Rxb3 39. Kg5 Kg7 40. g4 Rf3
41. h5 f6+ 42. Nxf6 Rxf6 43. h6+ Kh7 44. Kxf6 b3 45. Ke6 b2 46. Kxd6 b1=Q 47.
Kxe5 Qg1 48. Kd6 Qxg4 49. e5 c4 50. e6 Qxe6+ 51. Kxe6 c3 0-1

[Event "Women's Speed Chess Q2"]
[Site "chess.com INT"]
[Date "2021.05.29"]
[Round "7"]
[White "Samaganova, Alexandra"]
[Black "Marjanovic, Annamaria"]
[Result "0-1"]
[WhiteTitle "WFM"]
[BlackTitle "WGM"]
[WhiteElo "1993"]
[BlackElo "2338"]
[WhiteFideId "13800221"]
[BlackFideId "750930"]
[EventDate "2021.05.29"]

1. c4 e5 2. Nc3 Bb4 3. Qc2 Nc6 4. e3 Bxc3 5. Qxc3 Nf6 6. a3 a5 7. Nf3 Qe7 8. d3
O-O 9. Be2 d5 10. cxd5 Nxd5 11. Qc2 a4 12. Bd2 Be6 13. O-O Rfd8 14. h3 Nb6 15.
Rac1 Bb3 16. Qb1 Na5 17. Bb4 Qe6 18. Bxa5 Rxa5 19. Rxc7 Nd5 20. Ng5 Qf6 21. Ne4
Qb6 22. Rcc1 f5 23. Nc3 Nf6 24. Bd1 f4 25. Bxb3+ axb3 26. exf4 exf4 27. Ne4 Nxe4
28. dxe4 f3 29. gxf3 Rg5+ 30. Kh1 Qe6 31. Kh2 Rh5 32. Kg1 Qxh3 33. Rfe1 Qh1# 0-1

[Event "Women's Speed Chess Q2"]
[Site "chess.com INT"]
[Date "2021.05.29"]
[Round "7"]
[White "Antonova, Nadezhda"]
[Black "Bommini, Mounika Akshaya"]
[Result "0-1"]
[WhiteTitle "WFM"]
[BlackTitle "WFM"]
[WhiteElo "1877"]
[BlackElo "2029"]
[WhiteFideId "14700182"]
[BlackFideId "25019872"]
[EventDate "2021.05.29"]

1. d4 Nf6 2. Nf3 c5 3. e3 d5 4. c3 Nc6 5. dxc5 e5 6. Bb5 Qc7 7. b4 Bg4 8. Qa4
Bd7 9. Qc2 Be7 10. Bb2 O-O 11. Nbd2 e4 12. Ng1 Nxb4 13. cxb4 Bxb5 14. Ne2 b6 15.
Nb3 bxc5 16. bxc5 Bd3 17. Qc3 Bc4 18. Ba3 a5 19. Nd2 Bxe2 20. Kxe2 Nd7 21. Rac1
Rab8 22. Rhd1 Bf6 23. Qc2 Rfc8 24. g3 Ne5 25. Kf1 Nd3 26. Rb1 Rxb1 27. Rxb1 Qd7
28. Nb3 Qh3+ 29. Kg1 Ne5 30. Nd2 Nf3+ 0-1

[Event "Women's Speed Chess Q2"]
[Site "chess.com INT"]
[Date "2021.05.29"]
[Round "7"]
[White "Balabayeva, Xeniya"]
[Black "Ortez, Andrea"]
[Result "1-0"]
[WhiteTitle "WFM"]
[BlackTitle "WIM"]
[WhiteElo "2178"]
[BlackElo "1969"]
[WhiteFideId "13719688"]
[BlackFideId "6702392"]
[EventDate "2021.05.29"]

1. e4 c5 2. Nf3 Nc6 3. Bb5 g6 4. O-O Bg7 5. Re1 e6 6. c3 Nge7 7. d4 cxd4 8. cxd4
d5 9. e5 a6 10. Bxc6+ Nxc6 11. Be3 O-O 12. Nc3 b5 13. Qd2 Bb7 14. Rac1 Rc8 15.
b3 Qb6 16. Bg5 Qc7 17. Bf6 Qd7 18. Qg5 Rc7 19. Ne2 Rfc8 20. Ng3 Bf8 21. Rcd1 Nb4
22. h4 Nxa2 23. h5 Nc3 24. Ra1 Ne4 25. Nxe4 dxe4 26. Nh4 Qe8 27. Re3 h6 28. Qg4
Kh7 29. hxg6+ fxg6 30. Rg3 Rc1+ 31. Rxc1 Rxc1+ 32. Kh2 Rc7 33. Nxg6 Bg7 34. Nf4
Bxf6 35. exf6 Rf7 36. Qg6+ Kh8 37. Nxe6 Bc8 38. Ng7 1-0

[Event "Women's Speed Chess Q2"]
[Site "chess.com INT"]
[Date "2021.05.29"]
[Round "7"]
[White "Belenkaya, Dina"]
[Black "Kiolbasa, Oliwia"]
[Result "1-0"]
[WhiteTitle "WGM"]
[BlackTitle "WIM"]
[WhiteElo "2304"]
[BlackElo "2255"]
[WhiteFideId "24142654"]
[BlackFideId "1154613"]
[EventDate "2021.05.29"]

1. e4 e5 2. Nf3 Nc6 3. Bb5 a6 4. Ba4 Nf6 5. d3 b5 6. Bb3 Be7 7. c3 d6 8. Nbd2
O-O 9. O-O Na5 10. Bc2 c5 11. Re1 Nc6 12. Nf1 Re8 13. Bg5 Qc7 14. Ne3 Be6 15. a4
h6 16. Bh4 Kh8 17. Nf5 Bxf5 18. exf5 Nd5 19. Bb3 Bxh4 20. Bxd5 Bf6 21. Nd2 Rab8
22. axb5 axb5 23. Qf3 Ne7 24. Bxf7 Rf8 25. Be6 Rbe8 26. Ne4 Nc6 27. Ra6 Nd8 28.
Bd5 Be7 29. Rea1 Nf7 30. Ra7 Qc8 31. Be6 Qb8 32. Qh5 Ng5 33. Rxe7 Rxe7 34. Nxg5
Qd8 35. Nf7+ Rexf7 36. Bxf7 Qc7 37. Be6 Qb7 38. Qf3 b4 39. Qxb7 1-0

[Event "Women's Speed Chess Q2"]
[Site "chess.com INT"]
[Date "2021.05.29"]
[Round "7"]
[White "Petrova, Irina"]
[Black "Berend, Elvira"]
[Result "0-1"]
[WhiteTitle "WIM"]
[BlackTitle "WGM"]
[WhiteElo "2110"]
[BlackElo "2326"]
[WhiteFideId "14124122"]
[BlackFideId "4000510"]
[EventDate "2021.05.29"]

1. e4 c5 2. Nf3 e6 3. c4 Nc6 4. Nc3 Nf6 5. Be2 e5 6. O-O Be7 7. d3 O-O 8. Bg5 d6
9. a3 a5 10. Rb1 Be6 11. Bxf6 Bxf6 12. Nd5 Bg4 13. Nd2 Bxe2 14. Qxe2 Nd4 15. Qg4
g6 16. b4 axb4 17. axb4 Ra2 18. Nf3 h5 19. Qh3 Ne2+ 20. Kh1 b6 21. bxc5 bxc5 22.
Rb7 Nf4 23. Nxf4 exf4 24. Qd7 Qxd7 25. Rxd7 Ra6 26. Rb1 g5 27. h3 Kg7 28. Kh2 g4
29. Ng1 Be5 30. Rbb7 f3+ 31. Kh1 Ra1 32. gxf3 gxh3 33. f4 Bxf4 0-1

[Event "Women's Speed Chess Q2"]
[Site "chess.com INT"]
[Date "2021.05.29"]
[Round "7"]
[White "Swati, Mohota"]
[Black "Starosta, Martyna"]
[Result "0-1"]
[WhiteTitle "WFM"]
[BlackTitle "WCM"]
[WhiteElo "2027"]
[BlackElo "1910"]
[WhiteFideId "5006511"]
[BlackFideId "21818754"]
[EventDate "2021.05.29"]

1. d4 Nf6 2. Nf3 e6 3. g3 c5 4. Bg2 d5 5. O-O Nc6 6. c3 Bd6 7. Nbd2 O-O 8. Re1
b6 9. e4 dxe4 10. Nxe4 Nxe4 11. Rxe4 Bb7 12. Bg5 Qd7 13. dxc5 bxc5 14. Bf4 Rfd8
15. Bxd6 Qxd6 16. Qxd6 Rxd6 17. Rae1 Rb8 18. Rc4 Ba6 19. Rxc5 Rxb2 20. Ra5 Bc4
21. a4 Nxa5 22. Ne5 f6 23. Nxc4 Nxc4 24. h4 Ne5 25. f4 Rdd2 26. Bh1 Nd3 27. Ra1
Rdc2 28. Be4 Rc1+ 29. Rxc1 Nxc1 30. c4 Nb3 31. Bc6 Na5 32. Bd7 Kf7 33. c5 Rc2
34. c6 Nxc6 35. Bxc6 Rxc6 36. Kg2 Rc4 37. Kf3 Rxa4 38. h5 Rb4 39. Kg4 a5 40. h6
a4 41. hxg7 Kxg7 42. Kh5 a3 43. g4 Rxf4 44. g5 fxg5 45. Kxg5 Rf5+ 46. Kg4 a2 47.
Kg3 a1=Q 48. Kg4 Qg1+ 49. Kh3 Rh5# 0-1

[Event "Women's Speed Chess Q2"]
[Site "chess.com INT"]
[Date "2021.05.29"]
[Round "7"]
[White "Doluhanova, Evgeniya"]
[Black "Ziegenfuss, Antonia"]
[Result "1-0"]
[WhiteTitle "WGM"]
[BlackTitle "WFM"]
[WhiteElo "2207"]
[BlackElo "2157"]
[WhiteFideId "14112035"]
[BlackFideId "12962554"]
[EventDate "2021.05.29"]

1. Nf3 c5 2. b3 Nc6 3. Bb2 d5 4. e3 Nf6 5. Bb5 Bd7 6. O-O e6 7. d4 cxd4 8. Nxd4
Nxd4 9. Bxd7+ Qxd7 10. Bxd4 Be7 11. c4 dxc4 12. bxc4 Qc6 13. Nd2 O-O 14. Rb1
Rfd8 15. Qf3 Qxf3 16. Nxf3 b6 17. Rfc1 Ne4 18. a4 f6 19. Kf1 e5 20. Ba1 Rab8 21.
Ke2 a5 22. Rd1 Bb4 23. Bb2 Bc3 24. Ba3 Bb4 25. Rxd8+ Rxd8 26. Bxb4 axb4 27. Rxb4
g5 28. h3 h5 29. g4 hxg4 30. hxg4 f5 31. Kf1 fxg4 32. Nxe5 Rd1+ 33. Kg2 g3 34.
fxg3 1-0

[Event "Women's Speed Chess Q2"]
[Site "chess.com INT"]
[Date "2021.05.29"]
[Round "7"]
[White "Padmini, Rout"]
[Black "Osmak, Iulija"]
[Result "1-0"]
[WhiteTitle "IM"]
[BlackTitle "IM"]
[WhiteElo "2370"]
[BlackElo "2425"]
[WhiteFideId "5029295"]
[BlackFideId "14101602"]
[EventDate "2021.05.29"]

1. e4 Nc6 2. d4 d5 3. e5 Bf5 4. c3 e6 5. h4 h6 6. Bd3 Nge7 7. Ne2 Bxd3 8. Qxd3
Nf5 9. h5 Qd7 10. a4 O-O-O 11. a5 f6 12. f4 fxe5 13. fxe5 a6 14. g4 Nfe7 15. b4
Na7 16. Na3 Kb8 17. Bd2 Nec8 18. Nf4 Be7 19. Qg6 Bg5 20. Nxe6 Bxd2+ 21. Kxd2
Rde8 22. Nc5 Qd8 23. Raf1 Re7 24. Rf4 Ree8 25. Rf7 Ne7 26. Qd3 Rhg8 27. b5 axb5
28. Nxb5 Qc8 29. Nxa7 Kxa7 30. Rb1 b6 31. axb6+ cxb6 32. Ra1+ Kb8 33. Qb5 Qc6
34. Qxc6 Nxc6 35. Na6+ Kc8 36. Rc7+ Kd8 37. Rxc6 Rgf8 38. Rd6+ Kc8 39. Rxb6 Rf1
40. Rxf1 1-0

[Event "Women's Speed Chess Q2"]
[Site "chess.com INT"]
[Date "2021.05.29"]
[Round "7"]
[White "Arakhamia-Grant, Ketevan"]
[Black "Nguyen, Hong Anh"]
[Result "1-0"]
[WhiteTitle "GM"]
[BlackTitle "WIM"]
[WhiteElo "2380"]
[BlackElo "1993"]
[WhiteFideId "13600168"]
[BlackFideId "12406732"]
[EventDate "2021.05.29"]

1. e4 c5 2. Nf3 Nc6 3. d4 cxd4 4. Nxd4 g6 5. c4 Nf6 6. Nc3 d6 7. Be2 Nxd4 8.
Qxd4 Bg7 9. Bg5 O-O 10. Qd2 Be6 11. O-O Qa5 12. Rac1 Rfc8 13. b3 b5 14. Nxb5
Qxd2 15. Bxd2 Nxe4 16. Be3 a6 17. Nd4 Nc5 18. Nxe6 Nxe6 19. Rfd1 a5 20. Bf3 Rab8
21. Rb1 Nc5 22. Kf1 Bc3 23. Rdc1 Bb4 24. Ke2 Ba3 25. Rd1 a4 26. Bxc5 Rxc5 27.
bxa4 Rxb1 28. Rxb1 Rxc4 29. a5 Rc2+ 30. Kd3 Rxa2 31. Bd5 Rxf2 32. a6 Bc5 33. Rb5
e6 34. Rxc5 exd5 35. Ra5 1-0

[Event "Women's Speed Chess Q2"]
[Site "chess.com INT"]
[Date "2021.05.29"]
[Round "7"]
[White "Avramidou, Anastasia"]
[Black "Martynkova, Olena"]
[Result "1/2-1/2"]
[WhiteTitle "FM"]
[BlackTitle "WIM"]
[WhiteElo "2238"]
[BlackElo "2195"]
[WhiteFideId "4239873"]
[BlackFideId "14134039"]
[EventDate "2021.05.29"]

1. d4 d5 2. c4 c6 3. cxd5 cxd5 4. Nc3 Nc6 5. Bf4 a6 6. e3 Nf6 7. Bd3 Bg4 8. Nge2
Bxe2 9. Qxe2 e6 10. h3 Bd6 11. Bxd6 Qxd6 12. O-O O-O 13. Rfc1 Rfc8 14. Na4 Qd8
15. Nc5 a5 16. Nxb7 Qb6 17. Nc5 e5 18. dxe5 Nxe5 19. Nb3 a4 20. Rxc8+ Rxc8 21.
Bf5 Rb8 22. Nd4 Qxb2 23. Qxb2 Rxb2 24. Rc1 g6 25. Bb1 Ne4 26. Bxe4 dxe4 27. Rc2
Rxc2 28. Nxc2 Nd3 29. Kf1 f5 30. Nd4 Kf7 31. Nb5 Ke6 32. Nc3 a3 33. Nb1 Nb4 34.
Nxa3 Nxa2 35. Ke2 Nb4 36. Nb5 Ke5 37. Nd4 g5 38. g3 h5 39. f4+ exf3+ 40. Kxf3
g4+ 41. hxg4 hxg4+ 42. Ke2 Ke4 43. Ne6 Nd5 44. Nc5+ Ke5 45. Nd3+ Ke4 46. Nc5+
Ke5 47. Nd3+ Ke4 48. Nc5+ 1/2-1/2